Регионална библиотека "Любен Каравелов" - Русе

[Двадесет и три] 23 екопроекта (Запис номер 184035)

MARC детайли
000 -Лидер
Контролно поле с фиксирана дължина 02017nam a2200397 c 4500
003 - Код на организацията, давaща контролен номер
Контролно поле BLK
005 - Дата и час на последна редакция
Контролно поле 20250723113502.0
008 - Елементи от данни с фиксирана дължина
fixed length control field 180411b bul|||||r ||||||| ||bul||
010 ## - Наследен системен номер
LC control number KNG00192987000
020 ## - Международен стандартен номер на книга ISBN
Международен стандартен номер на книга ISBN 978-619-199-141-9
-- издат.: Фют
040 ## - Източник на каталожния запис
Идентификатор на билиотеката - собственик на записа BLK
041 ## - Код за език
Код за езика на текст/звукозапис или на отделно заглавие Български
Код за езика КДБФ Български
072 #7 - Код за тематичната категория
Код организация bullib
Код за тематична категория Н86
Текст Детска отраслова литература Н
080 ## - УДК
Текстов определител УДК Природа и общество. Опазване на природата(в цялост) - Социални, законодателни и административни аспекти на опазване на природата, организация и мерки по възстановяване и спасяване на природата и др.
УДК код - определител по УДК 502.3
УДК определител (02.053.2)
УДК - код + определител 502.3(02.053.2)
139 ## - Редно поле
Редна дума Томас, Изабел
Авторски знак Том - Т 69
245 10 - Сведения за заглавието
Заглавие [Двадесет и три] 23 екопроекта
Редно поле (дума) текст Изабел Томас; ил. Крис Андрюс; прев. Албена Василева Раленкова.
257 ## - Страна на издаване
Страна на създаване/издаване Великобритания
260 ## - Област на издателските данни
-- София
Име на издателя, разпространителя и проч. Фют
Година на издаване 2016
Печатница отпеч. в Китай
300 ## - Физическа характеристика
Страници 64 с.
Илюстрации и др. с цв. ил.
Размери/Мащаб 26 см
380 ## - Жанр
Жанр Детска отраслова лит.
500 ## - Общи забележки
Забележка Ориг. загл. 23 Ways To Be an Eco Hero. - Речник.
653 ## - Ключова дума – ненормативна
Ключова дума опазване на околната среда
653 ## - Ключова дума – ненормативна
Ключова дума практични идеи
653 ## - Ключова дума – ненормативна
Ключова дума литература за деца
653 ## - Ключова дума – ненормативна
Ключова дума детска литература
659 ## - Тематичен бюлетин
Тематичен бюлетин Н
700 1# - Други автори (авторска отговорност)
Лично име Томас, Изабел
Автороска отговорност (Описва отношението между автора и произведението) текст
9 (RLIN) 343390
700 1# - Други автори (авторска отговорност)
Лично име Андрюс, Крис
Автороска отговорност (Описва отношението между автора и произведението) ил.
9 (RLIN) 343391
700 ## - Други автори (авторска отговорност)
Лично име Раленкова, Албена Василева
Дати, свързани с автора 1968 -
Друга информация Преводач от английски и френски език.
9 (RLIN) 368050
852 ## - Местоположение
Форматна сигнатура Цб ІІ 21523
856 4# - Електронен адрес и достъп
Електронен формат pdf - файл
Път до файла /url/
856 4# - Електронен адрес и достъп
Електронен формат pdf - файл
Път до файла /url/
942 ## - АРТИКУЛИ
Вид на библиотечния материал Книги
Скрит в OPAC Не
Koha issues (borrowed), all copies 13
944 ## - СЪЗДАВАНЕ И РЕДАКЦИЯ на ЗАПИСА
Създаване/Редакция Създаване
Дата на регистрацията/редакция 13.10.2016
Статус, дата на статуса Анна Гръцманова
Служител, извършил регистрацията/редакцията 30564
944 ## - СЪЗДАВАНЕ И РЕДАКЦИЯ на ЗАПИСА
Създаване/Редакция Редакция
Дата на регистрацията/редакция 17.10.2016
Статус, дата на статуса ф /
Служител, извършил регистрацията/редакцията Людмила_Стоянова
999 ## - СИСТЕМНИ КОНТРОЛНИ НОМЕРА
Koha biblionumber 184035
Koha biblioitemnumber 184035
Наличности
Код за отписване Код за изгубен артикул Източник на класификационната схема Код за повреда Коз за рестрикции Код за отдаване Артикулен № Име на библиотеката - собственик Име на библиотеката, в която се намира в момента Статус (Текущо местоположение) Дата на вписване в системата Местоположение - отдел Цена в лева Инвентарен номер Систематично азбучна сигнатура Баркод Номер на екземпляра Цена в евро Служебна бележка Служебен тип на артикула
  Не е изгубен Universal Decimal Classification Не е повреден без рестрикции заемане за дома 317737 Регионална библиотека "Любен Каравелов" Русе Регионална библиотека "Любен Каравелов" Русе Детски отдел 2016-10-13 Детски отдел 12.99 120000804664 ДН 50/Т 69 120000804664 1 6.64 Дост: Pk Вид: Ф N: 472 Дата: 13.10.2016 Книги
Vip Innovations Ltd, Rousse, Bulgaria 2025